[Event "BEL-ch U20"]
[Site "Blankenberge"]
[Date "2014.04.19"]
[Round "9"]
[White "Lysander, Hans"]
[Black "Harutyunyan, Axel"]
[Result "1-0"]
[WhiteElo "1904"]
[BlackElo "1805"]
[PlyCount "79"]
[EventDate "2014.04.??"]
[EventType "swiss"]
[EventRounds "9"]
[EventCountry "BEL"]
[SourceTitle "EXT 2015"]
[Source "ChessBase"]
[SourceDate "2014.11.20"]
[SourceVersion "1"]
[SourceVersionDate "2014.11.20"]
[SourceQuality "1"]

1. e4 c5 2. c3 g6 3. d4 cxd4 4. cxd4 d5 5. exd5 Bg7 6. Nc3 Nf6 7. Bc4 0-0 8. Bf4 a6 9. a4 Nbd7 10. a5 b5 11. Bb3 Bb7 12. Nf3 Rc8 13. d6 Nb8 14. dxe7 Qxe7+ 15. Kf1 Rfd8 16. Ne5 Bd5 17. Nxd5 Nxd5 18. Bg3 Nc6 19. Nxc6 Rxc6 20. h3 Nb4 21. d5 Bxb2 22. Rb1 Be5 23. Qe2 Nxd5 24. Qxe5 Qb4 25. Kg1 Rc3 26. Ba2 Qc5 27. Kh2 Rc2 28. Bb3 Rd2 29. Rhc1 Qa3 30. Bh4 Qd6 31. Qxd6 Rxd6 32. Bg3 Rd8 33. Rc6 Rd3 34. Bxd5 R8xd5 35. Rxa6 Ra3 36. Bc7 Ra2 37. Bb6 Ra4 38. Ra8+ Kg7 39. a6 Rd6 40. Rxb5 1-0

[Event "BEL-ch U20"]
[Site "Blankenberge"]
[Date "2014.04.16"]
[Round "5"]
[White "Lysander, Hans"]
[Black "De Weird, Matthias"]
[Result "0-1"]
[WhiteElo "1904"]
[BlackElo "1726"]
[PlyCount "114"]
[EventDate "2014.04.??"]
[EventType "swiss"]
[EventRounds "9"]
[EventCountry "BEL"]
[SourceTitle "EXT 2015"]
[Source "ChessBase"]
[SourceDate "2014.11.20"]
[SourceVersion "1"]
[SourceVersionDate "2014.11.20"]
[SourceQuality "1"]

1. e4 e5 2. Nf3 Nc6 3. Bc4 Bc5 4. c3 Nf6 5. d3 d6 6. Nbd2 a6 7. Bb3 b5 8. Nf1 d5 9. Qe2 dxe4 10. dxe4 h6 11. Ng3 Qe7 12. h3 Na5 13. Bc2 Nc4 14. a4 c6 15. Bd3 Nd6 16. Be3 Bxe3 17. fxe3 Bd7 18. 0-0 0-0 19. axb5 cxb5 20. Nd2 Rfc8 21. Rfc1 Be6 22. b3 Nb7 23. c4 b4 24. Nf3 Nc5 25. Bc2 Nfd7 26. Rd1 f6 27. Nf5 Bxf5 28. exf5 e4 29. Nd4 Ne5 30. Ne6 Nxe6 31. fxe6 f5 32. Rd5 Qxe6 33. Raa5 Nc6 34. Ra1 Ne7 35. Rda5 Qf6 36. Rf1 g6 37. Bxe4 Qb6 38. Bxa8 Qxa5 39. Bf3 Qc5 40. Kh1 Rd8 41. e4 Qe5 42. g4 f4 43. Rd1 Rxd1+ 44. Qxd1 Qc3 45. Kg2 g5 46. e5 Qxe5 47. Qe2 Qxe2+ 48. Bxe2 Kf7 49. Kf3 Ke6 50. Ke4 Kd6 51. c5+ Kxc5 52. Bxa6 Nc6 53. Bc4 Nd4 54. Bf7 f3 55. Ke3 Nc2+ 56. Kd2 f2 57. Bc4 Nd4 0-1

[Event "BEL-ch U20"]
[Site "Blankenberge"]
[Date "2013.04.13"]
[Round "8"]
[White "Verstraeten, Reinaert"]
[Black "Lysander, Hans"]
[Result "1-0"]
[WhiteElo "2210"]
[BlackElo "1886"]
[PlyCount "91"]
[EventDate "2013.04.07"]
[EventType "tourn"]
[EventRounds "9"]
[EventCountry "BEL"]
[SourceTitle "CBM 154 Extra"]
[Source "ChessBase"]
[SourceDate "2013.06.25"]
[SourceVersion "2"]
[SourceVersionDate "2013.06.25"]
[SourceQuality "1"]

1. d4 Nf6 2. c4 g6 3. Nc3 Bg7 4. g3 d6 5. Bg2 0-0 6. Nf3 c6 7. 0-0 Qa5 8. e4 Qh5 9. Ng5 h6 10. Qxh5 Nxh5 11. Nf3 Na6 12. h3 Nb4 13. Rd1 c5 14. d5 Bd7 15. a3 Na6 16. g4 Nf6 17. e5 Ne8 18. Re1 Nec7 19. Bf4 dxe5 20. Nxe5 Rad8 21. Nd3 Rfe8 22. Bxc7 Nxc7 23. Nxc5 Bc8 24. Rac1 b6 25. Nd3 Ba6 26. b3 e6 27. Nb4 Bb7 28. d6 Bxg2 29. dxc7 Rc8 30. Kxg2 Rxc7 31. Nb5 Rd7 32. Rcd1 Red8 33. Rxd7 Rxd7 34. Kf3 a5 35. Nc6 Rd3+ 36. Re3 Rd2 37. Ne7+ Kh7 38. Nc8 Bf8 39. Kg2 Bc5 40. Rf3 Kg7 41. b4 axb4 42. axb4 Bxb4 43. Nxb6 Rc2 44. Nd4 Rc1 45. Nc6 Bc5 46. Nd7 1-0

[Event "BEL-ch U20"]
[Site "Blankenberge"]
[Date "2013.04.11"]
[Round "7"]
[White "Lysander, Hans"]
[Black "Ghyselen, Wouter"]
[Result "1-0"]
[WhiteElo "1886"]
[BlackElo "2102"]
[PlyCount "115"]
[EventDate "2013.04.07"]
[EventType "tourn"]
[EventRounds "9"]
[EventCountry "BEL"]
[SourceTitle "CBM 154 Extra"]
[Source "ChessBase"]
[SourceDate "2013.06.25"]
[SourceVersion "2"]
[SourceVersionDate "2013.06.25"]
[SourceQuality "1"]

1. e4 g6 2. d4 Bg7 3. Nc3 d6 4. Nf3 a6 5. Bf4 b5 6. Bd3 Nd7 7. Ne2 Bb7 8. Qd2 h6 9. Ng3 c5 10. c3 e5 11. dxe5 dxe5 12. Be3 Ngf6 13. h3 Qc7 14. 0-0-0 0-0-0 15. Qe2 c4 16. Bc2 Nc5 17. Nh4 Qc6 18. f3 Ne6 19. Qf2 h5 20. Ne2 Nd7 21. Kb1 Bf6 22. g3 Bxh4 23. gxh4 Ndc5 24. Nc1 Qc7 25. Rhf1 Rxd1 26. Rxd1 Rf8 27. Qg1 Qe7 28. Qg3 Qf6 29. Rd6 Qg7 30. Qf2 Nd7 31. Qd2 Rd8 32. Qf2 Qf8 33. Rd1 f5 34. Qg1 Qf7 35. Rf1 Rf8 36. Bh6 Rg8 37. Be3 f4 38. Bf2 g5 39. hxg5 Nxg5 40. Qh1 h4 41. Bxh4 Qh5 42. Bxg5 Rxg5 43. Ne2 Qh4 44. Qh2 Nf6 45. Rd1 Kc7 46. Ng1 Rg7 47. Ne2 Bc8 48. b3 cxb3 49. Bxb3 Qxh3 50. Qf2 Rd7 51. Qa7+ Bb7 52. Qc5+ Kd8 53. Qxe5 Rxd1+ 54. Bxd1 Nd7 55. Qxf4 Qh5 56. Nd4 Nc5 57. e5 Bd5 58. Qf8+ 1-0

[Event "BEL-ch U20 Elite"]
[Site "Bruges"]
[Date "2012.04.14"]
[Round "9"]
[White "Lysander, Hans"]
[Black "Roos, David"]
[Result "0-1"]
[WhiteElo "1642"]
[BlackElo "2097"]
[PlyCount "48"]
[EventDate "2012.04.08"]
[EventType "tourn"]
[EventRounds "9"]
[EventCountry "BEL"]
[SourceTitle "CBM 147 Extra"]
[Source "ChessBase"]
[SourceDate "2012.04.24"]
[SourceVersion "1"]
[SourceVersionDate "2012.04.24"]
[SourceQuality "1"]

1. e4 c5 2. Nf3 e6 3. d4 cxd4 4. Nxd4 Nf6 5. Nc3 Nc6 6. Bg5 d6 7. Qd2 a6 8. 0-0-0 Bd7 9. f3 Rc8 10. g3 Qa5 11. Nb3 Qc7 12. Bg2 b5 13. Rhe1 Be7 14. Be3 Ne5 15. Bf2 Nc4 16. Qd3 b4 17. Ne2 Bb5 18. Ned4 Nxb2 19. Qd2 Nxd1 20. Nxb5 axb5 21. Rxd1 0-0 22. h4 d5 23. g4 dxe4 24. g5 Nd5 0-1

[Event "BEL-ch U20 Elite"]
[Site "Bruges"]
[Date "2012.04.11"]
[Round "6"]
[White "Ghyselen, Wouter"]
[Black "Lysander, Hans"]
[Result "1-0"]
[WhiteElo "2160"]
[BlackElo "1642"]
[PlyCount "51"]
[EventDate "2012.04.08"]
[EventType "tourn"]
[EventRounds "9"]
[EventCountry "BEL"]
[SourceTitle "CBM 147 Extra"]
[Source "ChessBase"]
[SourceDate "2012.04.24"]
[SourceVersion "1"]
[SourceVersionDate "2012.04.24"]
[SourceQuality "1"]

1. d4 d5 2. Bf4 e6 3. e3 Nf6 4. Nd2 c5 5. c3 Be7 6. Bd3 0-0 7. Ngf3 Nbd7 8. Ne5 Re8 9. Qf3 Nf8 10. g4 Ng6 11. g5 Nd7 12. Nxg6 fxg6 13. h4 Rf8 14. Qg3 Qe8 15. Nf3 c4 16. Be2 b5 17. a3 Bb7 18. Ne5 Nxe5 19. Bxe5 a5 20. Bg4 Qf7 21. f4 Bc8 22. Rh2 Bd7 23. h5 Bxg5 24. hxg6 hxg6 25. 0-0-0 Bh6 26. Rdh1 1-0

[Event "BEL-ch U20 Elite"]
[Site "Bruges"]
[Date "2012.04.10"]
[Round "4"]
[White "Lenaerts, Lennert"]
[Black "Lysander, Hans"]
[Result "1/2-1/2"]
[WhiteElo "2036"]
[BlackElo "1642"]
[PlyCount "81"]
[EventDate "2012.04.08"]
[EventType "tourn"]
[EventRounds "9"]
[EventCountry "BEL"]
[SourceTitle "CBM 147 Extra"]
[Source "ChessBase"]
[SourceDate "2012.04.24"]
[SourceVersion "1"]
[SourceVersionDate "2012.04.24"]
[SourceQuality "1"]

1. c4 e6 2. Nf3 d5 3. d4 Nf6 4. g3 Be7 5. Bg2 0-0 6. 0-0 b6 7. Qc2 Bb7 8. Bg5 Nbd7 9. Nbd2 c5 10. dxc5 bxc5 11. Ne1 Rc8 12. Nd3 Qc7 13. cxd5 exd5 14. Rac1 Rfd8 15. Rfd1 Qb6 16. b3 Nf8 17. Nb2 h6 18. Bxf6 Qxf6 19. e4 d4 20. Ndc4 Qa6 21. Nd3 Ne6 22. Qe2 f6 23. Bh3 Rc7 24. f4 Qc6 25. Bg2 Qd7 26. e5 Bxg2 27. Qxg2 f5 28. Re1 Qd5 29. Qxd5 Rxd5 30. Kf2 Kf7 31. Rc2 g5 32. g4 Nxf4 33. Nxf4 gxf4 34. Kf3 fxg4+ 35. Kxg4 Ke6 36. Rf2 Rc8 37. Rxf4 Bg5 38. Rfe4 Rg8 39. Kf3 Rf8+ 40. Kg2 Rf4 41. R4e2 1/2-1/2

[Event "BEL-ch U16"]
[Site "Houffalize"]
[Date "2011.04.18"]
[Round "3"]
[White "Verstraeten, Reinaert"]
[Black "Lysander, Hans"]
[Result "1-0"]
[WhiteElo "2053"]
[BlackElo "1863"]
[PlyCount "59"]
[EventDate "2011.04.17"]
[EventType "swiss"]
[EventRounds "9"]
[EventCountry "BEL"]
[SourceTitle "EXT 2012"]
[Source "ChessBase"]
[SourceDate "2011.11.24"]
[SourceVersion "1"]
[SourceVersionDate "2011.11.24"]
[SourceQuality "1"]

1. e4 e5 2. Nf3 Nc6 3. Bb5 f5 4. d3 fxe4 5. dxe4 Bc5 6. 0-0 d6 7. Qd3 Nf6 8. Qc4 Qe7 9. Nc3 a6 10. Bxc6+ bxc6 11. Be3 Nd7 12. Na4 Bxe3 13. Qxc6 Bxf2+ 14. Rxf2 Ra7 15. Nc3 0-0 16. Nd5 Qd8 17. Raf1 Nc5 18. Nxe5 Rxf2 19. Rxf2 Nxe4 20. Qc4 dxe5 21. Nf6+ Kh8 22. Nxe4 h6 23. Qc5 Qd1+ 24. Rf1 Qd4+ 25. Qxd4 exd4 26. Rf8+ Kh7 27. Rxc8 Rb7 28. b3 c6 29. Rxc6 Re7 30. Nd2 1-0

[Event "BEL-ch U14"]
[Site "Houffalize"]
[Date "2009.04.19"]
[Round "9"]
[White "De Strycker, Nathan"]
[Black "Lysander, Hans"]
[Result "1/2-1/2"]
[WhiteElo "1646"]
[BlackElo "1368"]
[PlyCount "77"]
[EventDate "2009.04.13"]
[EventType "swiss"]
[EventRounds "9"]
[EventCountry "BEL"]
[SourceTitle "EXT 2012"]
[Source "ChessBase"]
[SourceDate "2011.11.24"]
[SourceVersion "1"]
[SourceVersionDate "2011.11.24"]
[SourceQuality "1"]

1. d4 d5 2. c4 e6 3. e3 c5 4. Nf3 cxd4 5. Nxd4 Nf6 6. a3 e5 7. Nf3 Nc6 8. cxd5 e4 9. Nd4 Nxd4 10. Qxd4 Bd6 11. Nc3 0-0 12. Bd2 Re8 13. Qa4 a6 14. h3 Bd7 15. Qb3 b5 16. Be2 Qe7 17. Qa2 Qe5 18. Rc1 Rec8 19. Nd1 Rxc1 20. Bxc1 Qg5 21. g3 Nxd5 22. Bd2 Be6 23. Qb1 f5 24. h4 Qe7 25. 0-0 b4 26. axb4 Nxb4 27. Nc3 Nc6 28. Rc1 Ne5 29. Kg2 Nc4 30. Nxe4 Nxe3+ 31. Bxe3 fxe4 32. Bc4 Kh8 33. Bxe6 Qxe6 34. Rc6 Qd5 35. Qc1 a5 36. Rc8+ Rxc8 37. Qxc8+ Qg8 38. Qxg8+ Kxg8 39. Bd4 1/2-1/2

[Event "BEL-ch U14"]
[Site "Houffalize"]
[Date "2009.04.16"]
[Round "6"]
[White "Lysander, Hans"]
[Black "Vandenberghe, Jason"]
[Result "1/2-1/2"]
[WhiteElo "1368"]
[BlackElo "1956"]
[PlyCount "47"]
[EventDate "2009.04.13"]
[EventType "swiss"]
[EventRounds "9"]
[EventCountry "BEL"]
[SourceTitle "EXT 2012"]
[Source "ChessBase"]
[SourceDate "2011.11.24"]
[SourceVersion "1"]
[SourceVersionDate "2011.11.24"]
[SourceQuality "1"]

1. e4 c5 2. c3 d5 3. exd5 Qxd5 4. d4 Nc6 5. Nf3 Bg4 6. Be2 0-0-0 7. Be3 e6 8. 0-0 h6 9. Nbd2 g5 10. Nb3 cxd4 11. Nfxd4 Bxe2 12. Qxe2 e5 13. Nxc6 Qxc6 14. Rad1 Bd6 15. Na5 Qc7 16. Nc4 Kb8 17. Nxd6 Rxd6 18. Rxd6 Qxd6 19. Rd1 Qc7 20. Qb5 Nf6 21. Bc5 Rd8 22. Rxd8+ Qxd8 23. Qe2 Ne4 24. Be3 1/2-1/2